| 000 | 00451nmm a2200157Ia 4500 | ||
|---|---|---|---|
| 008 | 251105s9999||||xx |||||||||||||||||und|| | ||
| 020 | _a9788468761312 | ||
| 041 | _aspa | ||
| 100 | _aGraham, Lynne | ||
| 245 | 0 | _aEl secreto de su amante | |
| 264 |
_a[Madrid, España] : _bHarlequin, _c[Fecha de publicación no identificada] |
||
| 300 | _a0 páginas | ||
| 650 | _aRomance | ||
| 856 | _uhttps://public.digitaliapublishing.com/a/93736 | ||
| 942 | _cCF | ||
| 999 |
_c84239 _d84239 |
||